000 00494nam a22001817a 4500
003 OSt
005 20140310181931.0
008 130722t xxu||||| |||| 00| 0 eng d
050 _aM 126
_b.G968 1979
082 _aTR 973.08
_bW52 1972
245 _aGuitar Manuscript Paper
_cPassantino Spiral Music Writing Books
260 _aNew York :
_bPassantino,
_cc1979.
300 _a12 p. :
_bill. ;
_c30 cm. ;
521 _aFaculty.
541 _j1
562 _e1
942 _2lcc
_cBK-TR
_kTR
999 _c7366
_d7366